| 000 | 01299nam a22003617a 4500 | ||
|---|---|---|---|
| 003 | CHAP | ||
| 005 | 20220329141041.0 | ||
| 008 | 971013s1994 r 00010 d | ||
| 010 | _a61865 | ||
| 011 | _a62837 | ||
| 035 | _a67013 | ||
| 040 | _cCHAP | ||
| 090 | _aFolleto 14828 | ||
| 100 | 0 | 0 |
_aPulido S., Juan. _992980 |
| 245 | _aResultados de los ensayos de fertilización de maíz en el ejido Cortijo Viejo, Coeneo, Mich. | ||
| 260 |
_aMorelia, Mich. : _bUACH. Centro Regional Universitario Centro Occidente, _c1994 |
||
| 300 | _a16 p. | ||
| 490 | _aUACH. CRUCO. Folleto para productores | ||
| 590 |
_aBATCH-UPD _b10 _c20130110 _lUCH01 _h0655 |
||
| 590 |
_aBATCH-UPD _b10 _c20130110 _lUCH01 _h2340 |
||
| 590 |
_aBATCH-UPD _b10 _c20130410 _lUCH01 _h0340 |
||
| 590 |
_aBATCH-UPD _b10 _c20130914 _lUCH01 _h1405 |
||
| 590 |
_aCONVERSION _b10 _c20130109 _lUCH01 _h1333 |
||
| 650 | 1 | 4 |
_aFertilizantes para maíz. _940625 |
| 650 | 1 | 4 |
_aMaíz _xFertilización. _970956 |
| 650 | 1 | 4 |
_aMaíz _xMichoacán. _971019 |
| 830 | 0 |
_aUACH. CRUCO. Folleto para productores _9115850 |
|
| 901 | _aBK | ||
| 942 | _cFOLL | ||
| 949 |
_aFolleto 14828 _bBC _cFOLL _d-152256 _eTS1 _i67013 _si |
||
| 949 |
_aFolleto 14828 _bBC _cFOLL _d-152257 _eTS2 _fc.2 _i67013 _si |
||
| 949 |
_aFolleto 14828 _bBC _cUACH _d-152258 _eUACH _fc.3 _i67013 _si |
||
| 999 |
_c61865 _d61865 |
||